Democracy, Nation Building Peace in South Asia : (Record no. 37704)

MARC details
000 -LEADER
fixed length control field 00785nam a22002057a 4500
005 - DATE AND TIME OF LATEST TRANSACTION
control field 20100726130339.0
010 ## - LCCN (DPL NO)
LC control number ENG-96964
020 ## - INTERNATIONAL STANDARD BOOK NUMBER
International Standard Book Number 9788124114711
Terms of availability 495.00
035 ## - SYSTEM CONTROL NUMBER
System control number EN-80497
037 ## - SOURCE OF ACQUISITION
Source of stock number/acquisition DBAD/PUB
082 ## - DEWEY DECIMAL CLASSIFICATION NUMBER
Classification number 320.454
245 ## - TITLE STATEMENT
Title Democracy, Nation Building Peace in South Asia :
Remainder of title Challenges and Prospects /
Statement of responsibility, etc edited by Nalini Kant Jha
260 ## - PUBLICATION, DISTRIBUTION, ETC. (IMPRINT)
Place of publication, distribution, etc New Delhi
Name of publisher, distributor, etc Har - Anand Publications
Date of publication, distribution, etc 2009
270 ## - ADDRESS
Address E-49/3 Okhla Industrial Area ,Phase -2
City New Delhi
Postal code 110020
300 2# - PHYSICAL DESCRIPTION
Extent 239p.
Dimensions 22cm (Hbk)
500 ## - GENERAL NOTE
General note include index
700 ## - ADDED ENTRY--PERSONAL NAME
Personal name edited by Nalini Kant Jha
9 (RLIN) 1465
942 ## - ADDED ENTRY ELEMENTS (KOHA)
Source of classification or shelving scheme Dewey Decimal Classification
Item type English Books
Classification part 320.454
Call number suffix DEM
Holdings
Withdrawn status Lost status Not for loan Home library Current library Date acquired Source of acquisition Cost, normal purchase price Full call number Barcode Copy number Cost, replacement price Koha item type
    Not For Loan D.B.Act.Division D.B.Act.Division 26/07/2010 DBAD/PUB 495.00 320.454 DEM EN-80497 1 495.00 English Books

© Delhi Public Library
Hit Counter
free hit counter